Score 0/50 Timer 06:00
0 Plays Today
% Correct
Fox
87.9%
CBS
86.9%
NBC
86.6%
Nickelodeon
86.2%
ABC
86%
ESPN
85.6%
Food Network
85.3%
Comedy Central
85.1%
MTV
85%
GSN
83.9%
E!
83.3%
HBO
82.4%
Telemundo
82.1%
Disney Channel
80.6%
CW
79.7%
Showtime
77.5%
CNN
76.6%
TBS
76.6%
VH1
76.6%
USA
76.5%
AMC
75.9%
ABC Family
75.7%
FX
75.3%
Bravo
73.6%
TNT
72.2%
% Correct
HGTV
71.8%
PBS
71.5%
Fox News
71.3%
QVC
71.3%
BET
70.6%
Discovery Channel
66.2%
TLC
64.8%
Travel Channel
64.2%
SyFy
63.9%
MSNBC
63.1%
CMT
62.2%
Lifetime
60.1%
A & E
58.1%
STARZ
58.1%
CNBC
58%
Spike
58%
Cartoon Network
56%
Oxygen
55.8%
History Channel
52.4%
Weather Channel
51.1%
TruTV
48.1%
Animal Planet
44%
Science
43.1%
Oprah Winfrey Network
43.1%
National Geographic Channel
41.6%
Remove Ads.
Support Sporcle.
Get the best of Sporcle when you Go Orange. This ad-free experience offers more features, more stats, and more fun while also helping to support Sporcle. Thank you for becoming a member.

You're not logged in!

Compare scores with friends on all Sporcle quizzes.
OR
Log In

Show Comments

Extras

Top Quizzes Today


Score Distribution

Your Account Isn't Verified!

In order to create a playlist on Sporcle, you need to verify the email address you used during registration. Go to your Sporcle Settings to finish the process.

Report this User

Report this user for behavior that violates our Community Guidelines.

Details: